| 000 | 01134nam0a2200325 4500 | ||
|---|---|---|---|
| 001 | RU\NLR\bibl\734810 | ||
| 005 | 20250614001101.0 | ||
| 010 |
_a5-17-024749-4 _bАСТ |
||
| 010 |
_a5-9578-1011-8 _bТранзиткнига _95000 |
||
| 021 |
_aRU _b2004-78092 _93853 |
||
| 035 | _a(NLR Aleph) 000724739 | ||
| 090 |
_a725178 _c725178 |
||
| 100 | _a20050314d2004 |||y0rusy50 ca | ||
| 101 | 1 |
_arus _ceng |
|
| 102 | _aRU | ||
| 105 | _aa ||||||||| | ||
| 200 | 1 |
_aИстория Европы _fНорман Дэвис _g[Пер. с англ. Т.Б. Менской] |
|
| 210 |
_aМ. _cАСТ _cТранзиткнига _d2004 |
||
| 215 |
_a943 с., [16] л. ил. _cил. _d22 |
||
| 320 | _aБиблиогр. в примеч.: с. 849-870 | ||
| 320 | _aИмен. указ.: с. 879-917 | ||
| 320 | _aГеогр. указ.: с. 918-943 | ||
| 607 |
_aЕвропейские страны _xИстория _91014928 _3RU\NLR\auth\66386941 |
||
| 686 | _aТ3(0)0,02 | ||
| 700 | 1 |
_aДэвис _bН. _gНорман _4070 |
|
| 801 | 0 |
_aRU _bNLR _c20050314 _gPSBO |
|
| 801 | 1 |
_aRU _bNLR _c20050314 |
|
| 942 | _cBOOK | ||
| 980 | _aNB | ||